LEADER 01344nam a2200301 i 4500 001 000000257982 003 CaOOAMICUS 005 20180409000000.0 008 180409s2012 it u000 u ita u 013 $a236890 020 $a978-88-315-4251-7 040 $aSeMil$bita 100 1 $aMasseroni, Enrico.$0(OLS)http://semarc/name/36615 245 12$al Vangelo buona notizia per la cittą :$bun vescovo parla al suo popolo /$cEnrico Masseroni. 260 $aMilano :$bPaoline,$c2012. 300 $a216 p. ;$c21 cm. 490 0 $aSpiritualitą del quotidiano 500 $aOmaggio card. Dionigi Tettamanzi. 650 4$aMondovģ (Diocesi) - Omelie e discorsi.$0(OLS)http://semarc/subject/37538 650 4$aMasseroni, Enrico <1939- > Scritti, discorsi, omelie, lettere pastorali, etc.$0(OLS)http://semarc/subject/47111 830 0$aSpiritualitą del quotidiano.$0(OLS)http://semarc/title/9505 850 $aSeMil 852 $aSeMil$W1$xVenegono$y1$m2F III 478$j208328$B208328$CSeMilBibl$Z2$F222331 $81 941 1 $a5 961 $aLascito: Tettamanzi Card. Dionigi 996 $6020$a978-88-315-4251-7$9(OLS)http://semarc/number/283017 996 $6245$al Vangelo buona notizia per la cittą :$bun vescovo parla al suo popolo$9(OLS)http://semarc/title/413235 996 $6260$aMilano :$bPaoline$9(OLS)http://semarc/publisher/29684 LEADER 01224nam a2200301 i 4500 001 000000101407 003 CaOOAMICUS 005 20180830171920.0 008 180830s2000 xx u000 u und u 013 $a73559 020 $a88-87139-24-5 040 $aSeMil$bita 245 10$aMistici russi. 260 $aTorino :$bIl Leone verde,$c2000. 300 $a142 p. 490 0 $aVia Lattea 600 04$aSilvano : del Monte Athos <1866-1938>.$0(OLS)http://semarc/subject/16667 650 4$aMistica.$0(OLS)http://semarc/subject/1496 650 4$aSerafino : di Sarov .$0(OLS)http://semarc/subject/18017 650 4$aMacario : di Optina.$0(OLS)http://semarc/subject/18018 650 4$aGiovanni : di Kronstadt.$0(OLS)http://semarc/subject/18019 700 1 $aBarsotti, Divo,$c.$0(OLS)http://semarc/name/15111 830 0$aVia Lattea.$0(OLS)http://semarc/title/8200 850 $aSeMil 852 $aSeMil$W1$xVenegono$y1$m359 2 7 *$j58223$B58223$CSeMilBibl$Z2$F68918 $81 996 $6020$a88-87139-24-5$9(OLS)http://semarc/number/81193 996 $6245$aMistici russi$9(OLS)http://semarc/title/148309 996 $6260$aTorino :$bIl Leone verde$9(OLS)http://semarc/publisher/31661